El Estado de Derecho y el Derecho del Trabajo (Record no. 118663)

MARC details
000 -LEADER
campo de control de longitud fija 00808nam a2200193 4500
001 - NÚMERO DE CONTROL
campo de control 118663
003 - IDENTIFICADOR DE NÚMERO DE CONTROL
campo de control ES-MaACL
005 - FECHA Y HORA DE LA ÚLTIMA TRANSACCIÓN
campo de control 20260127062543.0
007 - CAMPO FIJO DE DESCRIPCIÓN FÍSICA--INFORMACIÓN GENERAL
campo de control de longitud fija t|
008 - DATOS DE LONGITUD FIJA--INFORMACIÓN GENERAL
campo de control de longitud fija 070214s1958 sp r ||||1| spa d
100 1# - ENTRADA PRINCIPAL--NOMBRE DE PERSONA
Nombre de persona Pérez Botija, Eugenio.
9 (RLIN) 90674
245 13 - MENCIÓN DEL TÍTULO
Título El Estado de Derecho y el Derecho del Trabajo
Resto del título : discurso leído el día 4 de junio de 1958 en su recepción pública /
Mención de responsabilidad, etc. por el Excmo. Sr. D. Eugenio Pérez Botija ; y contestación del Excmo. Sr. D. José Gascón y Marín.
260 ## - PUBLICACIÓN, DISTRIBUCIÓN, ETC.
Lugar de publicación, distribución, etc. Madrid :
Nombre del editor, distribuidor, etc. Real Academia de Jurisprudencia y Legislación,
Fecha de publicación, distribución, etc. 1958.
300 ## - DESCRIPCIÓN FÍSICA
Extensión 104 p. ;
Dimensiones 24 cm.
700 1# - ENTRADA AGREGADA--NOMBRE PERSONAL
Nombre de persona Gascón y Martín, José.
9 (RLIN) 55867
700 ## - ENTRADA AGREGADA--NOMBRE PERSONAL
Nombre de persona Real Academia de Jurisprudencia y Legislación de España
9 (RLIN) 217612
852 ## - LOCALIZACIÓN
Ubicación ES-MaACL
Número de control de estantería 2009-F-19
Sublocalización o colección R.43846
Holdings
Estatus retirado Estado de pérdida Estado de daño No para préstamo Colección Biblioteca de origen Biblioteca actual Ubicación en estantería Fecha de adquisición Fuente de adquisición Total de préstamos Signatura topográfica completa Código de barras Visto por última vez Precio de reemplazo Tipo de ítem Koha
        Colección de folletos Biblioteca del Ateneo de Madrid Biblioteca del Ateneo de Madrid Depósito folletos 17/01/2008     2009-F-19 1123704 23/02/2023 23/02/2023 Folleto